Responses for Show #7374 - Thursday, October 6, 2016

Contestants

[<< previous game]

Sarah Flamini, an author and administrative assistant from Pittsburgh, Pennsylvania

Randi Rae Arnold, a freelance writer from Kalamazoo, Michigan

Margie Eulner Ott, a consultant and rideshare driver from Bethesda, Maryland (whose 1-day cash winnings total $34,000)

[next game >>]

Jeopardy! Round responses

MAKE AMERICA GRATE AGAIN
TV IN THE YEAR 2000
READING YOUR DIARY
BRITISH SPELLING TEST
(Alex: You have to spell it.)
SHOOT
THE MOON
    $200 1
parmigiano

Margie
    $200 22
Survivor

Randi
    $200 17
(Samuel) Pepys

Margie
    $200 9
P-A-R-L-O-U-R

Sarah
    $200 6
Ariel

Sarah
    $400 2
the goat

Sarah
    $400 23
David Letterman

Sarah
    $400 18
Thoreau

Randi
    $400 12
(Randi: [*]?)
(Alex: That's it, but remember your phrase in the future.)
(Randi: Oh! What is?)
(Alex: Yes. Okay. Pick again.)

R-E-C-O-G-N-I-S-E

Randi
    $400 16
a safety

Margie
    $400 7
Neptune

Sarah
    $600 3
asiago

Margie
    $600 24
(Alex: With less than a minute to go, you're right.)

Sex in the City

Margie
    $600 19
Franz Kafka

Triple Stumper
    $600 13
C-H-E-Q-U-E

Randi
    $600 8
Pandora

Randi
    $800 4
Wales

Sarah
    $800 25
Kevin James

Randi
    $800 20
Andy Warhol

Randi
    $800 14
A-E-R-O-P-L-A-N-E

Sarah
    $800 27
ballistics

Margie
    $2,000 10
Europa

Sarah
    $1000 5
romano

Sarah
    $1000 26
Robert Downey Jr.

Sarah
    $1000 21
(George) Patton

Randi
    $1000 15
G-A-O-L

Sarah
    $1000 28
[The end-of-round signal sounds.]
(Alex: And with that...)
(Sarah: Shoot!)
(Alex: ...you add to your lead. Shoot, indeed.)

an air gun

Sarah
    $1000 11
[Applause, even though Sarah did not run the category]
(Sarah: [Turning to audience, denying the applause] No. No, I didn't.)

Charon

Sarah

Scores at the first commercial break (after clue 15):

Margie Randi Sarah
$800 $1,600 $7,800

Scores at the end of the Jeopardy! Round:

Margie Randi Sarah
$2,800 $4,800 $10,200

Double Jeopardy! Round responses

125 YEARS OF CARNEGIE HALL
(Alex: ...in New York City.)
GREEK HISTORY
DIAMONDS ARE FOREVER
U.S. STATES' LARGEST ISLANDS
SPY FICTION
(Alex: And finally, in keeping with the new technology...)
THE NEW JEOPARDY! "APP"
    $400 26
Tchaikovsky

Sarah
    $400 21
(Randi: What is Hong Kong?)
(Sarah: What is Gibraltar?)

Cyprus

MargieRandiSarah
    $400 20
a solitaire

Margie
    $400 1
Long Island

Randi
    $400 2
(Jason) Bourne

Randi
    $400 10
Apprentice

Randi
    $800 27
"Roll Over Beethoven"

Margie
    $800 22
the IMF (the International Monetary Fund)

Sarah
    $800 15
Arkansas

Margie
    $800 4
Puget Sound

Randi
    $800 3
The Hunt for Red October

Margie
    $800 11
appease

Randi
    $1200 28
George Carlin

Margie
    $1200 23
1996

Sarah
    $5,200 16
(Margie: Who is Elizabeth Taylor?)
(Alex: No. The star of Breakfast at Tiffany's, [*].)

Audrey Hepburn

Margie
    $1200 7
Lake Erie

Margie
    $4,000 5
(Randi: What is One Small Step?)

The Eagle Has Landed

Randi
    $1200 12
appellate

Sarah
    $1600 29
Booker T. Washington

Triple Stumper
    $1600 24
(Margie: Who is, um, Alexander?)
...
(Alex: Back to you, Sarah, with less than a minute now.)

Xerxes

Margie
Triple Stumper
    $1600 17
De Beers

Randi
    $1600 8
(Randi: What are the Catalinas?)

the Channel Islands

Randi
Triple Stumper
    $1600 6
(George) Smiley

Margie
    $1600 13
(Sarah: What is to... apprehend?)

appropriate

RandiSarah
    $2000 30
(Alex: And I would like to point out that Carnegie Hall opens its new season tonight. And I bet you it's sold out.)

Yo-Yo Ma

Sarah
    $2000 25
the Peloponnesian Peninsula

Sarah
    $2000 18
emerald cut

Randi
    $2000 9
(Margie: What is Hebron?)

(Mount) Desert

Margie
Triple Stumper
    $2000 19
Daniel Silva

Triple Stumper
    $2000 14
(Alex: Correct. Great horse.)

an Appaloosa

Sarah

Scores at the end of the Double Jeopardy! Round:

Margie Randi Sarah
$1,200 $6,800 $17,800
(lock game)

[wagering suggestions for these scores]

Final Jeopardy! Round responses

SECRETARIES OF STATE
MargieWho are Albright C. Rice + Ri H. Clinton
$1,200
RandiWho are Albright + Rice?
$800
SarahWho are Albright and Hillary Clinton?
$4,000
Madeleine Albright & Hillary Clinton

Final scores:

Margie Randi Sarah
$0 $6,000 $21,800
3rd place: $1,000 2nd place: $2,000 New champion: $21,800

Game dynamics:

Coryat scores:

Margie Randi Sarah
$6,400 $10,800 $16,600
14 R,
3 W
(including 1 DD)
16 R,
3 W
(including 1 DD)
20 R
(including 1 DD),
2 W

Combined Coryat: $33,800

[game clues] [game scores] [suggest correction]

Game tape date: 2016-07-27
The J! Archive is created by fans, for fans. Scraping, republication, monetization, and malicious use prohibited; this site may use cookies and collect identifying information. See terms. The Jeopardy! game show and all elements thereof, including but not limited to copyright and trademark thereto, are the property of Jeopardy Productions, Inc. and are protected under law. This website is not affiliated with, sponsored by, or operated by Jeopardy Productions, Inc. Join the discussion at JBoard.tv.